000 00645nam a2200229Ia 4500
001 9077
003 GE_BSU
008 181216s||||||||xx |||||||||||||| ||und||
040 _cGE_BSU
080 _a821.353.1-31
100 _aლისაშვილი,იაკინთე
245 _aერთგულება
245 _bრომანი
245 _cრედ:დ.ბენაშვილი
260 _aთბილისი.
260 _bსაბჭ.მწერალი.
260 _c1951.
300 _a286გვ;21სმ
653 _aერთგულება
653 _aრომანი
942 _cBK
999 _c42381
_d42381